000 00778nam a2200241 i 4500
001 19486
003 ES-MaACL
005 20230906152116.0
007 t|
008 020903s2002 sp |||| | spa d
020 _a84-7522-855-0
080 _a821.134.2 Quevedo, Francisco de 1.07:32
100 1 _aVivar, Francisco.
_9115551
245 1 0 _aQuevedo y su España imaginada /
_cFrancisco Vivar.
260 _aMadrid :
_bVisor Libros,
_c[2002]
300 _a167 p. ;
_c21 cm.
490 1 _aBiblioteca filológica hispana ;
_v55
600 1 4 _aQuevedo, Francisco de-
_xPensamiento político.
_994595
650 1 4 _aPatriotismo-
_xEn la literatura.
_9169405
830 0 _aBiblioteca filológica hispana ;
_v55
_9179654
852 _aES-MaACL
_jL-25925
999 _c19486
_d19486